书目信息 |
| 题名: |
计算机文化基础教程
|
|
| 作者: | 李惠然 , 柴欣 主编 | |
| 分册: | ||
| 出版信息: | 北京 海洋出版社 1999 |
|
| 页数: | 299页 | |
| 开本: | 26cm | |
| 丛书名: | 计算机基础教育丛书 | |
| 单 册: | ||
| 中图分类: | TP3-05 | |
| 科图分类: | ||
| 主题词: | 电子计算机--基本知识 , 计算技术 , 电子计算机 | |
| 电子资源: | ||
| ISBN: | 7-5027-4816-4 | |
| 000 | 00875cam 2200028945 | |
| 001 | 0659953823 | |
| 005 | 20070712153556.00 | |
| 010 | @a7-5027-4816-4@dCNY23.00 | |
| 100 | @a20020725d1999 em y0chiy0121 ea | |
| 101 | 0 | @achi |
| 102 | @aCN@b110000 | |
| 105 | @ay z 000yy | |
| 106 | @ar | |
| 200 | 10 | @a计算机文化基础教程@eWindows 98+WPS 2000@f李惠然,柴欣主编@Fli hui ran,chai xin zhu bian@Aji suan ji wen hua ji chu jiao cheng |
| 210 | @a北京@c海洋出版社@d1999@h2000 | |
| 215 | @a299页@d26cm | |
| 225 | 2 | @a计算机基础教育丛书 |
| 410 | 0 | @1 2001@a计算机基础教育丛书 |
| 517 | 1 | @aWindows 98+WPS 2000@AWindows 98+Office 97 |
| 606 | 0 | @a电子计算机@x基本知识 |
| 606 | 0 | @a计算技术 |
| 606 | 0 | @a电子计算机 |
| 690 | @aTP3-05@v3 | |
| 701 | 0 | @a李惠然@4主编@Ali hui ran |
| 701 | 0 | @a柴欣@4主编@Achai xin |
| 801 | 0 | @c20070712 |
| 905 | @a10447@dTP3-05@e499 | |
| 计算机文化基础教程:Windows 98+WPS 2000/李惠然,柴欣主编.-北京:海洋出版社,1999(2000) |
| 299页;26cm .-(计算机基础教育丛书 ) |
| ISBN 7-5027-4816-4:CNY23.00 |
| ● |
| 相关链接 |
|
|
|
|
正题名:计算机文化基础教程
索取号:TP3-05/499
 
预约/预借
| 序号 | 登录号 | 条形码 | 馆藏地/架位号 | 状态 | 备注 |
| 1 | 0765349 | 207653494 | 第二样本阅览室/ [索取号:TP3-05/499] | 在馆 | |
| 2 | 0767708 | 207677085 | 密集书库/ [索取号:TP3-05/499] | 在馆 |